Cuba en cifras 1980

Saved in:
Bibliographic Details
Format: Book
Language:Spanish
Published: Habana Comité estatal de estadísticas 1980
Tags: Add Tag
No Tags, Be the first to tag this record!

MARC

LEADER 00000nam a2200000 4500
001 c127113
005 20041019155239.8
041 0 |a spa 
044 |a CU 
245 1 0 |a Cuba en cifras 1980 
264 1 |a Habana  |b Comité estatal de estadísticas  |c 1980 
300 |a 95 s.